000 00665nam a2200277Ia 4500
005 20260324115024.0
008 008 260324s9999 xx 000 0 eng d
020 _a9781315115467
037 _aEBOOK
040 _aCRL
040 _beng
040 _cCRL
041 _2eng
041 _aeng
084 _qCRL
100 _aGennadi I. Mikhasev; Petr E. Tovstik
_91153065
245 0 _aLocalized Dynamics of Thin-Walled Shells
260 _bTaylor and Francis
260 _c2020
365 _a
365 _b385
856 _uhttp://www.taylorfrancis.com/books/9781315115467
942 _cEBOOK
999 _c1743621
_d1743621